LEADER 01802nam 2200361 450 001 9910477029003321 005 20230513203407.0 035 $a(CKB)5470000000567652 035 $a(NjHacI)995470000000567652 035 $a(EXLCZ)995470000000567652 100 $a20230513d2021 uy 0 101 0 $aeng 135 $aur||||||||||| 181 $ctxt$2rdacontent 182 $cc$2rdamedia 183 $acr$2rdacarrier 200 00$aPsychopolitical Anaphylaxis $eSteps Towards a Metacosmics /$fEdited by Daniel Ross [and three others] 210 1$a[Place of publication not identified] :$cOpen Humanities Press,$d2021. 210 4$d©2021 215 $a1 online resource (438 pages) 320 $aIncludes bibliographical references and index. 330 $aThe great acceleration that has become known as the Anthropocene has brought with it destructive consequences that threaten to give rise to a dangerous and potentially explosive convergent reaching of limits, not just climatically or biospherically, but psychosocially. This convergence demands a new kind of thinking and a reconsideration of fundamental philosophical, political and economic theory in light especially of the age of computational capitalism, in order to prevent this convergence from becoming absolutely catastrophic. The French philosopher Bernard Stiegler argued that the basis for such a reconsideration must be, in a very general way, the thought of entropy. Psychopolitical Anaphylaxis. 517 $aPsychopolitical Anaphylaxis 606 $aClimatic changes 615 0$aClimatic changes. 676 $a551.6 702 $aRoss$b Daniel 801 0$bNjHacI 801 1$bNjHacl 906 $aBOOK 912 $a9910477029003321 996 $aPsychopolitical Anaphylaxis$92992134 997 $aUNINA LEADER 01999nam0 22003731i 450 001 UON00231297 005 20251009094402.373 010 $a88-222-2850-2 100 $a20030730g19701979 |0itac50 ba 101 $afre$aITA 102 $aIT 105 $a|||| ||||| 200 1 $aRépertoire des ouvrages imprimés en langue italienne au XVIIe siècle$fSuzanne et Paul-Henri Michel 205 $aFirenze : Olschki$b1970-1979 210 $a2 v.$cill ; 25 cm 215 $aVol. 1.: "A-Ba" 311 $a2 v.$9UON00046219 316 $aAltro inv. FP 2220$5IT-UONSI CONS. FPIIBIBL./0030/I 316 $aAltro inv. SO 16330$5IT-UONSI CONS. FPIIBIBL./0031/I 410 0$1001UON00046219$12001 $aBiblioteca di Bibliografia Italiana$v59;87 2 v. 606 $aPUBBLICAZIONI ITALIANE$xSEC. XVII$xBIBLIOGRAFIA$3UONC051042$2FI 620 $aIT$dFirenze$3UONL000052 676 $a011.251$cBibliografie generali di documenti in specifiche lingue. Italiano$v20 700 1$aMICHEL$bSuzanne$3UONV140211$0687170 701 1$aMICHEL$bPaul-Henri$3UONV138823$049290 712 $aOlschki$3UONV246364$4650 801 $aIT$bSOL$c20251010$gRICA 912 $aUON00231297 950 $aSIBA - SISTEMA BIBLIOTECARIO DI ATENEO$dSI CONS. FP II BIBL. 0030/II $eSI FP 2220 7 0030/II 950 $aSIBA - SISTEMA BIBLIOTECARIO DI ATENEO$dSI CONS. FP II BIBL. 0030/I $eSI FP 2219 7 0030/I Altro inv. FP 2220 950 $aSIBA - SISTEMA BIBLIOTECARIO DI ATENEO$dSI CONS. FP II BIBL. 0031/II $eSI LO 16330 7 0031/II 950 $aSIBA - SISTEMA BIBLIOTECARIO DI ATENEO$dSI CONS. FP II BIBL. 0031/I $eSI LO 16329 7 0031/I Altro inv. SO 16330 996 $aRépertoire des ouvrages imprimés en langue italienne au XVIIe siècle$91272603 997 $aUNIOR